[Event "7. Arber-Senioren-Cup 2019"]
[Site "Bodenmais"]
[Date "2019.07.27"]
[Round "1.19"]
[White "Limberg, Siegfried"]
[Black "Sagner, Guenter"]
[Result "1-0"]
[WhiteElo "1983"]
[BlackElo "1696"]
[Annotator "NA RC"]
[PlyCount "32"]
[EventDate "2019.07.27"]
[EventType "swiss"]
[EventCountry "GER"]
[SourceTitle "playchess.com"]
[Source "ChessBase"]
[SourceQuality "1"]
[TimeControl "5400+30"]

1. d4 {[%emt 0:00:00]} Nf6 {[%emt 0:00:00]} 2. Nf3 {[%emt 0:00:00]} e6 {[%emt 0:00:00]} 3. e3 {[%emt 0:00:00]} c5 {[%emt 0:00:00]} 4. Bd3 {[%emt 0:00:00]} d5 {[%emt 0:00:00]} 5. c3 {[%emt 0:00:00]} Nc6 {[%emt 0:00:00]} 6. Nbd2 {[%emt 0:00:00]} Qc7 {[%emt 0:00:00]} 7. O-O {[%emt 0:00:00]} e5 {[%emt 0:00:00]} 8. e4 {[%emt 0:00:00]} exd4 {[%emt 0:00:00]} 9. cxd4 {[%emt 0:00:00]} cxd4 {[%emt 0:00:00]} 10. exd5 {[%emt 0:00:00]} Nxd5 {[%emt 0:00:00]} 11. Nb3 {[%emt 0:00:00]} Bg4 {[%emt 0:00:00]} 12. Qe1+ {[%emt 0:00:00]} Be7 {[%emt 0:00:00]} 13. Nfxd4 {[%emt 0:00:00]} O-O {[%emt 0:00:00]} 14. Nxc6 {[%emt 0:00:00]} bxc6 {[%emt 0:00:00]} 15. Bd2 {[%emt 0:00:00]} Bf6 {[%emt 0:00:34]} 16. Qe4 Rfe8 1-0

[Event "7. Arber-Senioren-Cup 2019"]
[Site "Bodenmais"]
[Date "2019.07.27"]
[Round "1.20"]
[White "Voeller, Lothar"]
[Black "Neubauer, Jaroslaus"]
[Result "0-1"]
[WhiteElo "1666"]
[BlackElo "2014"]
[Annotator "NA RC"]
[PlyCount "90"]
[EventDate "2019.07.27"]
[EventType "swiss"]
[EventCountry "GER"]
[SourceTitle "playchess.com"]
[Source "ChessBase"]
[SourceQuality "1"]
[TimeControl "5400+30"]

1. c4 {[%emt 0:00:00]} Nf6 {[%emt 0:00:00]} 2. Nc3 {[%emt 0:00:00]} e6 {[%emt 0:00:00]} 3. Nf3 {[%emt 0:00:00]} Bb4 {[%emt 0:00:00]} 4. e3 {[%emt 0:00:00]} O-O {[%emt 0:00:00]} 5. Be2 {[%emt 0:00:00]} b6 {[%emt 0:00:00]} 6. O-O {[%emt 0:00:00]} Bb7 {[%emt 0:00:00]} 7. d4 {[%emt 0:00:00]} d5 {[%emt 0:00:00]} 8. a3 {[%emt 0:00:00]} Bxc3 {[%emt 0:00:00]} 9. bxc3 {[%emt 0:00:00]} dxc4 {[%emt 0:00:00]} 10. Bxc4 {[%emt 0:00:00]} Nbd7 {[%emt 0:00:00]} 11. Be2 Re8 12. h3 {[%emt 0:00:00]} e5 {[%emt 0:00:00]} 13. Qb3 {[%emt 0:00:00]} e4 {[%emt 0:00:00]} 14. Bc4 {[%emt 0:00:00]} exf3 {[%emt 0:00:00]} 15. Bxf7+ {[%emt 0:00:00]} Kh8 {[%emt 0:00:00]} 16. Bxe8 Qxe8 17. g4 {[%emt 0:00:00]} Qe4 {[%emt 0:00:00]} 18. Qb1 {[%emt 0:00:00]} Qe6 {[%emt 0:00:00]} 19. Qf5 {[%emt 0:00:00]} Qxf5 {[%emt 0:00:00]} 20. gxf5 {[%emt 0:00:00]} Be4 {[%emt 0:00:00]} 21. Kh2 {[%emt 0:00:00]} Bxf5 {[%emt 0:00:00]} 22. Rg1 {[%emt 0:00:00]} Ne4 {[%emt 0:00:00]} 23. Rg3 {[%emt 0:00:00]} Nxg3 {[%emt 0:00:00]} 24. Kxg3 {[%emt 0:00:00]} Be4 {[%emt 0:00:00]} 25. Bb2 {[%emt 0:00:00]} Rf8 {[%emt 0:00:00]} 26. Rg1 {[%emt 0:00:26]} Rf5 {[%emt 0:00:00]} 27. Kh2 {[%emt 0:01:39]} Rb5 {[%emt 0:00:00]} 28. Bc1 {[%emt 0:00:37]} Nf6 {[%emt 0:00:00]} 29. c4 {[%emt 0:00:20]} Rh5 {[%emt 0:00:00]} 30. c5 {[%emt 0:01:03]} b5 {[%emt 0:00:00]} 31. Bb2 {[%emt 0:02:09]} c6 {[%emt 0:00:00]} 32. Kg3 {[%emt 0:12:46]} Rg5+ {[%emt 0:00:00]} 33. Kh2 {[%emt 0:00:12]} Rg2+ {[%emt 0:00:00]} 34. Rxg2 {[%emt 0:00:24]} fxg2 {[%emt 0:00:00]} 35. Bc1 {[%emt 0:01:48]} g5 {[%emt 0:00:00]} 36. Bd2 {[%emt 0:01:59]} h5 {[%emt 0:00:00]} 37. f4 {[%emt 0:02:15]} g4 {[%emt 0:00:00]} 38. hxg4 {[%emt 0:03:38]} Nxg4+ {[%emt 0:00:00]} 39. Kg1 {[%emt 0:00:20]} h4 {[%emt 0:00:00]} 40. Be1 {[%emt 0:00:46]} h3 {[%emt 0:00:00]} 41. Bg3 {[%emt 0:01:17]} a5 {[%emt 0:00:23]} 42. f5 {[%emt 0:00:33]} h2+ {[%emt 0:00:33]} 43. Bxh2 {[%emt 0:00:19]} Nxh2 {[%emt 0:00:15]} 44. Kxh2 {[%emt 0:00:06]} b4 {[%emt 0:01:10]} 45. axb4 {[%emt 0:00:39]} axb4 {[%emt 0:00:30]} 0-1

[Event "7. Arber-Senioren-Cup 2019"]
[Site "Bodenmais"]
[Date "2019.07.27"]
[Round "1.21"]
[White "Steiger, Michael"]
[Black "Riess, Michael"]
[Result "1-0"]
[WhiteElo "2016"]
[BlackElo "1686"]
[Annotator "NA RC"]
[PlyCount "55"]
[EventDate "2019.07.27"]
[EventType "swiss"]
[EventCountry "GER"]
[SourceTitle "playchess.com"]
[Source "ChessBase"]
[SourceQuality "1"]
[TimeControl "5400+30"]

1. c4 {[%emt 0:00:00]} c5 {[%emt 0:00:00]} 2. Nc3 {[%emt 0:00:00]} Nf6 {[%emt 0:00:00]} 3. g3 {[%emt 0:00:00]} g6 {[%emt 0:00:00]} 4. Bg2 {[%emt 0:00:00]} Bg7 {[%emt 0:00:00]} 5. Nf3 {[%emt 0:00:00]} Nc6 {[%emt 0:00:00]} 6. d4 {[%emt 0:00:00]} cxd4 {[%emt 0:00:00]} 7. Nxd4 {[%emt 0:00:00]} Nxd4 {[%emt 0:00:00]} 8. Qxd4 {[%emt 0:00:00]} O-O {[%emt 0:00:00]} 9. O-O {[%emt 0:00:00]} d6 {[%emt 0:00:00]} 10. Qd3 {[%emt 0:00:00]} a6 {[%emt 0:00:00]} 11. Rd1 {[%emt 0:00:00]} Qc7 {[%emt 0:00:00]} 12. Bg5 {[%emt 0:00:00]} h6 {[%emt 0:00:00]} 13. Bxf6 {[%emt 0:00:00]} Bxf6 {[%emt 0:00:00]} 14. Nd5 {[%emt 0:00:00]} Qd8 {[%emt 0:00:00]} 15. Nxf6+ {[%emt 0:00:00]} exf6 {[%emt 0:00:00]} 16. Qxd6 {[%emt 0:00:00]} Qxd6 {[%emt 0:00:00]} 17. Rxd6 {[%emt 0:00:00]} Kh8 {[%emt 0:00:00]} 18. Rad1 {[%emt 0:00:00]} Be6 {[%emt 0:00:00]} 19. b3 {[%emt 0:00:00]} Rab8 {[%emt 0:00:00]} 20. Bd5 {[%emt 0:00:00]} Rfe8 {[%emt 0:00:00]} 21. Bxe6 {[%emt 0:00:00]} Rxe6 {[%emt 0:00:00]} 22. Rxe6 {[%emt 0:00:00]} fxe6 {[%emt 0:00:00]} 23. Rd7 {[%emt 0:00:00]} Kg8 {[%emt 0:00:00]} 24. Kg2 {[%emt 0:00:00]} h5 {[%emt 0:00:00]} 25. Kf3 {[%emt 0:00:00]} b5 {[%emt 0:00:00]} 26. c5 {[%emt 0:00:00]} a5 {[%emt 0:00:00]} 27. c6 {[%emt 0:01:01]} Rc8 {[%emt 0:00:00]} 28. c7 {[%emt 0:00:00]} 1-0

[Event "7. Arber-Senioren-Cup 2019"]
[Site "Bodenmais"]
[Date "2019.07.27"]
[Round "1.22"]
[White "Yon, Gregory"]
[Black "Gerl, Hans"]
[Result "0-1"]
[WhiteElo "1658"]
[BlackElo "1955"]
[Annotator "NA RC"]
[PlyCount "94"]
[EventDate "2019.07.27"]
[EventType "swiss"]
[EventCountry "GER"]
[SourceTitle "playchess.com"]
[Source "ChessBase"]
[SourceQuality "1"]
[TimeControl "5400+30"]

1. d4 {[%emt 0:00:00]} Nf6 {[%emt 0:00:00]} 2. Bf4 {[%emt 0:00:00]} d6 {[%emt 0:00:00]} 3. Nf3 {[%emt 0:00:00]} g6 {[%emt 0:00:00]} 4. Nc3 {[%emt 0:00:00]} Nbd7 {[%emt 0:00:00]} 5. Qd2 {[%emt 0:00:00]} h6 {[%emt 0:00:00]} 6. e4 {[%emt 0:00:00]} Bg7 {[%emt 0:00:00]} 7. Be2 {[%emt 0:00:00]} b6 {[%emt 0:00:00]} 8. O-O-O {[%emt 0:00:00]} Bb7 {[%emt 0:00:00]} 9. e5 {[%emt 0:00:00]} Ne4 {[%emt 0:00:00]} 10. Nxe4 {[%emt 0:00:00]} Bxe4 {[%emt 0:00:00]} 11. exd6 {[%emt 0:00:00]} cxd6 {[%emt 0:00:00]} 12. Bd3 {[%emt 0:00:00]} Bxd3 13. Qxd3 {[%emt 0:00:00]} O-O {[%emt 0:00:00]} 14. h4 {[%emt 0:00:00]} Nf6 {[%emt 0:00:00]} 15. h5 {[%emt 0:00:00]} gxh5 {[%emt 0:00:00]} 16. Qd2 {[%emt 0:00:00]} Kh7 {[%emt 0:03:54]} 17. Nh4 {[%emt 0:00:00]} e6 {[%emt 0:04:42]} 18. f3 {[%emt 0:00:00]} Nd5 {[%emt 0:04:27]} 19. g4 {[%emt 0:00:00]} Nxf4 {[%emt 0:03:30]} 20. Qxf4 {[%emt 0:00:00]} Qg5 {[%emt 0:00:32]} 21. Ng2 {[%emt 0:00:01]} Qxf4+ {[%emt 0:01:30]} 22. Nxf4 {[%emt 0:00:03]} hxg4 {[%emt 0:00:55]} 23. fxg4 {[%emt 0:00:10]} Bf6 {[%emt 0:00:56]} 24. Nh3 {[%emt 0:08:50]} Rg8 {[%emt 0:05:37]} 25. Rdf1 {[%emt 0:02:02]} Kg7 {[%emt 0:03:48]} 26. Rf4 Bg5 {[%emt 0:05:52]} 27. Nxg5 {[%emt 0:07:59]} hxg5 {[%emt 0:00:12]} 28. Rf3 {[%emt 0:00:10]} Rh8 {[%emt 0:01:10]} 29. Rhf1 {[%emt 0:00:08]} Raf8 {[%emt 0:00:15]} 30. b4 {[%emt 0:01:49]} Rh4 31. Rg1 {[%emt 0:00:59]} Kg6 {[%emt 0:01:43]} 32. Ra3 {[%emt 0:00:25]} Ra8 {[%emt 0:00:51]} 33. Rc3 {[%emt 0:01:20]} f5 {[%emt 0:02:16]} 34. Rc6 {[%emt 0:00:48]} Rd8 {[%emt 0:00:48]} 35. Re1 {[%emt 0:02:34]} Kf6 {[%emt 0:02:54]} 36. gxf5 {[%emt 0:01:24]} exf5 {[%emt 0:00:39]} 37. d5 {[%emt 0:00:23]} f4 {[%emt 0:01:04]} 38. Re6+ {[%emt 0:00:29]} Kf5 {[%emt 0:00:33]} 39. Rc7 {[%emt 0:01:47]} Rf8 {[%emt 0:02:32]} 40. Rxa7 {[%emt 0:01:36]} f3 {[%emt 0:00:28]} 41. Ra3 {[%emt 0:00:21]} f2 {[%emt 0:01:04]} 42. Rf3+ {[%emt 0:02:28]} Rf4 {[%emt 0:00:19]} 43. Rxf2 {[%emt 0:00:58]} Rxf2 {[%emt 0:00:20]} 44. Rxd6 {[%emt 0:00:09]} Rc8 {[%emt 0:01:14]} 45. Rxb6 {[%emt 0:00:40]} Rcxc2+ {[%emt 0:00:29]} 46. Kb1 {[%emt 0:00:28]} Rcd2 {[%emt 0:00:26]} 47. Rc6 {[%emt 0:00:28]} Rf1+ {[%emt 0:01:57]} 0-1

[Event "7. Arber-Senioren-Cup 2019"]
[Site "Bodenmais"]
[Date "2019.07.27"]
[Round "1.23"]
[White "Steinbach, Peter"]
[Black "Cordts, Elof"]
[Result "1/2-1/2"]
[WhiteElo "1958"]
[BlackElo "1710"]
[Annotator "NA RC"]
[PlyCount "58"]
[EventDate "2019.07.27"]
[EventType "swiss"]
[EventCountry "GER"]
[SourceTitle "playchess.com"]
[Source "ChessBase"]
[SourceQuality "1"]
[TimeControl "5400+30"]

1. d4 {[%emt 0:00:00]} Nf6 {[%emt 0:00:00]} 2. Bg5 {[%emt 0:00:00]} e6 {[%emt 0:00:00]} 3. e4 {[%emt 0:00:00]} Be7 {[%emt 0:00:00]} 4. Nd2 {[%emt 0:00:00]} c5 {[%emt 0:00:00]} 5. dxc5 {[%emt 0:00:00]} Qa5 {[%emt 0:00:00]} 6. e5 {[%emt 0:00:00]} Nd5 {[%emt 0:00:00]} 7. Bxe7 {[%emt 0:00:00]} Nxe7 {[%emt 0:00:00]} 8. Qg4 {[%emt 0:00:00]} O-O {[%emt 0:00:00]} 9. b4 {[%emt 0:00:00]} Qc7 {[%emt 0:00:00]} 10. f4 {[%emt 0:00:00]} Ng6 {[%emt 0:00:00]} 11. Ngf3 {[%emt 0:00:00]} Nc6 {[%emt 0:00:00]} 12. c3 {[%emt 0:00:00]} Nce7 {[%emt 0:00:00]} 13. Bd3 {[%emt 0:00:00]} f5 {[%emt 0:00:00]} 14. Qg5 {[%emt 0:00:00]} b6 {[%emt 0:00:00]} 15. h4 {[%emt 0:03:06]} h6 {[%emt 0:00:00]} 16. Qg3 {[%emt 0:00:06]} bxc5 {[%emt 0:00:00]} 17. h5 {[%emt 0:00:31]} Nh8 {[%emt 0:00:00]} 18. b5 {[%emt 0:01:26]} Bb7 {[%emt 0:00:00]} 19. Nc4 {[%emt 0:06:03]} Nd5 {[%emt 0:02:00]} 20. Kd2 {[%emt 0:01:23]} a6 {[%emt 0:05:33]} 21. a4 {[%emt 0:02:33]} axb5 {[%emt 0:00:32]} 22. axb5 {[%emt 0:00:01]} Rxa1 {[%emt 0:00:13]} 23. Rxa1 {[%emt 0:00:00]} Ra8 {[%emt 0:00:09]} 24. Rxa8+ {[%emt 0:03:32]} Bxa8 {[%emt 0:00:07]} 25. Nd6 {[%emt 0:00:05]} Qa5 {[%emt 0:11:57]} 26. Ne8 {[%emt 0:11:17]} Qxc3+ {[%emt 0:00:41]} 27. Ke2 {[%emt 0:00:01]} Qb2+ {[%emt 0:03:58]} 28. Nd2 {[%emt 0:04:47]} Nc3+ {[%emt 0:02:33]} 29. Ke3 {[%emt 0:00:39]} Nd5+ {[%emt 0:00:49]} 1/2-1/2

[Event "7. Arber-Senioren-Cup 2019"]
[Site "Bodenmais"]
[Date "2019.07.27"]
[Round "1.24"]
[White "Auterhoff, Juergen"]
[Black "Schwalb, Manfred"]
[Result "1/2-1/2"]
[WhiteElo "1673"]
[BlackElo "1965"]
[Annotator "NA RC"]
[PlyCount "84"]
[EventDate "2019.07.27"]
[EventType "swiss"]
[EventCountry "GER"]
[SourceTitle "playchess.com"]
[Source "ChessBase"]
[SourceQuality "1"]
[TimeControl "5400+30"]

1. e4 {[%emt 0:00:00]} e5 {[%emt 0:00:00]} 2. Bc4 {[%emt 0:00:00]} Nc6 {[%emt 0:00:00]} 3. Nf3 {[%emt 0:00:00]} g6 {[%emt 0:00:00]} 4. d3 {[%emt 0:00:00]} Bg7 {[%emt 0:00:00]} 5. a3 {[%emt 0:00:00]} Nf6 {[%emt 0:00:00]} 6. Nc3 {[%emt 0:00:00]} d6 {[%emt 0:00:00]} 7. h3 {[%emt 0:00:00]} O-O {[%emt 0:00:00]} 8. O-O {[%emt 0:00:00]} Nh5 {[%emt 0:00:00]} 9. Bg5 {[%emt 0:00:00]} Qd7 {[%emt 0:00:00]} 10. Nd5 {[%emt 0:00:00]} h6 {[%emt 0:00:00]} 11. Be3 {[%emt 0:00:00]} Ne7 {[%emt 0:00:00]} 12. Nh4 {[%emt 0:00:00]} Nxd5 13. Bxd5 Kh7 {[%emt 0:00:00]} 14. Qf3 {[%emt 0:00:10]} c6 {[%emt 0:00:00]} 15. Bb3 {[%emt 0:10:14]} Qe7 {[%emt 0:01:31]} 16. Nf5 {[%emt 0:02:02]} gxf5 {[%emt 0:09:44]} 17. Qxh5 {[%emt 0:00:15]} f4 {[%emt 0:00:44]} 18. Bd2 {[%emt 0:01:52]} Be6 {[%emt 0:07:56]} 19. Bxe6 {[%emt 0:01:27]} fxe6 {[%emt 0:00:36]} 20. Bc3 {[%emt 0:07:30]} c5 {[%emt 0:09:39]} 21. Rae1 {[%emt 0:04:30]} Bf6 {[%emt 0:00:18]} 22. Kh2 {[%emt 0:03:23]} Rg8 {[%emt 0:00:24]} 23. Rg1 {[%emt 0:04:28]} Rg5 {[%emt 0:01:51]} 24. Qf3 {[%emt 0:00:33]} Rag8 {[%emt 0:00:41]} 25. g3 {[%emt 0:02:21]} Qg7 {[%emt 0:01:40]} 26. Rg2 {[%emt 0:03:34]} fxg3+ {[%emt 0:01:15]} 27. Rxg3 {[%emt 0:06:10]} Rxg3 {[%emt 0:00:18]} 28. Qxg3 {[%emt 0:02:02]} Bg5 {[%emt 0:01:09]} 29. Kh1 {[%emt 0:02:28]} Qf6 {[%emt 0:02:42]} 30. Rg1 {[%emt 0:01:35]} Rf8 {[%emt 0:00:17]} 31. Be1 {[%emt 0:05:41]} b5 {[%emt 0:08:37]} 32. b3 {[%emt 0:02:28]} d5 {[%emt 0:07:04]} 33. Rg2 {[%emt 0:04:54]} Bc1 {[%emt 0:06:56]} 34. a4 {[%emt 0:00:33]} a6 {[%emt 0:01:17]} 35. Bc3 {[%emt 0:01:23]} Bf4 {[%emt 0:00:35]} 36. Qg4 {[%emt 0:01:04]} Qf7 {[%emt 0:07:48]} 37. axb5 {[%emt 0:01:43]} axb5 {[%emt 0:00:02]} 38. f3 {[%emt 0:02:39]} d4 {[%emt 0:00:53]} 39. Be1 {[%emt 0:01:20]} Bg5 {[%emt 0:00:34]} 40. h4 {[%emt 0:02:01]} Bf4 {[%emt 0:00:56]} 41. h5 {[%emt 0:01:30]} Bg5 {[%emt 0:04:44]} 42. Rg3 {[%emt 0:02:32]} b4 {[%emt 0:02:33]} 1/2-1/2

[Event "7. Arber-Senioren-Cup 2019"]
[Site "Bodenmais"]
[Date "2019.07.27"]
[Round "1.25"]
[White "Fleuch, Hans-Juergen"]
[Black "Gross-Winter, Guenter"]
[Result "1-0"]
[WhiteElo "1951"]
[BlackElo "1664"]
[Annotator "NA RC"]
[PlyCount "45"]
[EventDate "2019.07.27"]
[EventType "swiss"]
[EventCountry "GER"]
[SourceTitle "playchess.com"]
[Source "ChessBase"]
[SourceQuality "1"]
[TimeControl "5400+30"]

1. e4 g6 {[%emt 0:00:00]} 2. d4 {[%emt 0:00:00]} Bg7 {[%emt 0:00:00]} 3. Nc3 {[%emt 0:00:00]} d6 {[%emt 0:00:00]} 4. Nf3 {[%emt 0:00:00]} Bg4 {[%emt 0:00:00]} 5. Be2 {[%emt 0:00:00]} e6 {[%emt 0:00:00]} 6. h3 {[%emt 0:00:00]} Bxf3 {[%emt 0:00:00]} 7. Bxf3 {[%emt 0:00:00]} Ne7 {[%emt 0:00:00]} 8. Be3 {[%emt 0:00:00]} c6 {[%emt 0:00:00]} 9. Qd2 {[%emt 0:00:00]} h5 {[%emt 0:00:00]} 10. h4 {[%emt 0:00:00]} Nd7 {[%emt 0:00:00]} 11. Be2 {[%emt 0:00:00]} b5 {[%emt 0:00:00]} 12. a3 {[%emt 0:00:00]} Nb6 {[%emt 0:00:00]} 13. b3 {[%emt 0:00:00]} d5 {[%emt 0:00:00]} 14. f3 {[%emt 0:00:00]} Nd7 {[%emt 0:00:00]} 15. Rd1 {[%emt 0:06:46]} Qa5 {[%emt 0:07:17]} 16. O-O {[%emt 0:04:43]} O-O-O {[%emt 0:11:13]} 17. Nxd5 {[%emt 0:05:47]} Qxa3 {[%emt 0:10:20]} 18. Ra1 {[%emt 0:02:22]} Qd6 {[%emt 0:00:55]} 19. Nxe7+ {[%emt 0:06:14]} Qxe7 {[%emt 0:00:21]} 20. Rxa7 {[%emt 0:00:20]} Qd6 {[%emt 0:03:48]} 21. c3 {[%emt 0:10:32]} Nc5 {[%emt 0:08:44]} 22. Rd1 {[%emt 0:08:07]} Qb8 {[%emt 0:12:59]} 23. Qa2 {[%emt 0:01:52]} 1-0

[Event "7. Arber-Senioren-Cup 2019"]
[Site "Bodenmais"]
[Date "2019.07.27"]
[Round "1.26"]
[White "Kurze, Volker"]
[Black "Halli, Gerhard"]
[Result "0-1"]
[WhiteElo "1658"]
[BlackElo "1955"]
[Annotator "NA RC"]
[PlyCount "87"]
[EventDate "2019.07.27"]
[EventType "swiss"]
[EventCountry "GER"]
[SourceTitle "playchess.com"]
[Source "ChessBase"]
[SourceQuality "1"]
[TimeControl "5400+30"]

1. e4 {[%emt 0:00:00]} d5 {[%emt 0:00:00]} 2. exd5 {[%emt 0:00:00]} Qxd5 {[%emt 0:00:00]} 3. Nc3 {[%emt 0:00:00]} Qa5 {[%emt 0:00:00]} 4. d4 {[%emt 0:00:00]} c6 {[%emt 0:00:00]} 5. Bc4 {[%emt 0:00:00]} Nf6 {[%emt 0:00:00]} 6. Nf3 {[%emt 0:00:00]} Bf5 {[%emt 0:00:00]} 7. Ne5 {[%emt 0:00:00]} e6 {[%emt 0:00:00]} 8. g4 {[%emt 0:00:00]} Be4 {[%emt 0:00:00]} 9. O-O {[%emt 0:00:00]} Bd5 {[%emt 0:00:00]} 10. Bd3 {[%emt 0:00:00]} Nbd7 {[%emt 0:00:00]} 11. f4 {[%emt 0:00:00]} Bb4 {[%emt 0:00:00]} 12. Nxd7 {[%emt 0:02:02]} Nxd7 {[%emt 0:00:00]} 13. Nxd5 Qxd5 {[%emt 0:00:00]} 14. c3 {[%emt 0:02:59]} Be7 {[%emt 0:00:00]} 15. Qf3 {[%emt 0:05:47]} Qxf3 {[%emt 0:00:00]} 16. Rxf3 {[%emt 0:00:11]} O-O-O {[%emt 0:03:36]} 17. b4 {[%emt 0:05:47]} h5 {[%emt 0:05:37]} 18. g5 {[%emt 0:00:58]} g6 {[%emt 0:00:09]} 19. h4 {[%emt 0:01:02]} Nb6 {[%emt 0:03:11]} 20. a4 {[%emt 0:03:49]} Rhe8 {[%emt 0:00:21]} 21. Bd2 {[%emt 0:09:22]} Bf8 {[%emt 0:02:20]} 22. a5 {[%emt 0:08:50]} Nd5 {[%emt 0:00:59]} 23. Be4 {[%emt 0:06:11]} Ne7 {[%emt 0:00:50]} 24. Re1 {[%emt 0:04:03]} Nf5 {[%emt 0:04:27]} 25. Bxf5 {[%emt 0:01:25]} exf5 {[%emt 0:00:03]} 26. Rfe3 {[%emt 0:00:25]} Rxe3 {[%emt 0:00:32]} 27. Rxe3 {[%emt 0:00:14]} Bd6 {[%emt 0:00:12]} 28. Re1 {[%emt 0:02:20]} c5 {[%emt 0:04:29]} 29. bxc5 {[%emt 0:07:04]} Bxc5 {[%emt 0:00:09]} 30. Be3 {[%emt 0:01:23]} Ba3 {[%emt 0:01:08]} 31. Bd2 {[%emt 0:03:35]} Rd5 {[%emt 0:01:49]} 32. Re5 {[%emt 0:03:01]} Rd8 {[%emt 0:00:09]} 33. Kf2 {[%emt 0:01:06]} Bd6 {[%emt 0:00:08]} 34. Re1 {[%emt 0:01:11]} Kd7 {[%emt 0:00:29]} 35. d5 {[%emt 0:03:18]} b5 {[%emt 0:02:50]} 36. Be3 {[%emt 0:04:27]} a6 {[%emt 0:00:21]} 37. Kf3 {[%emt 0:03:04]} Rc8 {[%emt 0:00:11]} 38. Bd4 {[%emt 0:02:23]} Rc4 {[%emt 0:00:25]} 39. Be5 {[%emt 0:05:59]} Bxe5 {[%emt 0:05:15]} 40. fxe5 {[%emt 0:02:24]} Rxh4 {[%emt 0:00:06]} 41. Rc1 {[%emt 0:01:47]} Re4 {[%emt 0:00:27]} 42. c4 {[%emt 0:01:09]} Rxc4 {[%emt 0:00:14]} 43. Rxc4 {[%emt 0:00:09]} bxc4 {[%emt 0:00:05]} 44. Ke3 0-1

[Event "7. Arber-Senioren-Cup 2019"]
[Site "Bodenmais"]
[Date "2019.07.27"]
[Round "1.27"]
[White "Schmidt, Matthias"]
[Black "Redeker, Frank"]
[Result "1-0"]
[WhiteElo "2020"]
[BlackElo "1677"]
[Annotator "NA RC"]
[PlyCount "67"]
[EventDate "2019.07.27"]
[EventType "swiss"]
[EventCountry "GER"]
[SourceTitle "playchess.com"]
[Source "ChessBase"]
[SourceQuality "1"]
[TimeControl "5400+30"]

1. d4 {[%emt 0:00:00]} d5 {[%emt 0:00:00]} 2. Nf3 {[%emt 0:00:00]} Nf6 {[%emt 0:00:00]} 3. g3 {[%emt 0:00:00]} e6 {[%emt 0:00:00]} 4. Bg2 {[%emt 0:00:00]} Be7 {[%emt 0:00:00]} 5. O-O {[%emt 0:00:00]} O-O {[%emt 0:00:00]} 6. c4 {[%emt 0:00:00]} c6 {[%emt 0:00:00]} 7. Qc2 {[%emt 0:00:00]} Nbd7 {[%emt 0:00:00]} 8. Nbd2 {[%emt 0:00:00]} b5 {[%emt 0:00:00]} 9. c5 {[%emt 0:00:00]} Qc7 {[%emt 0:00:00]} 10. b4 {[%emt 0:00:00]} a5 {[%emt 0:00:00]} 11. bxa5 {[%emt 0:00:00]} Rxa5 {[%emt 0:00:00]} 12. Nb3 {[%emt 0:00:00]} Ra4 {[%emt 0:00:00]} 13. Bf4 {[%emt 0:00:00]} Qd8 {[%emt 0:00:00]} 14. Ne5 {[%emt 0:00:00]} Bb7 {[%emt 0:00:00]} 15. Rfc1 {[%emt 0:00:00]} Nh5 {[%emt 0:00:00]} 16. Bf3 {[%emt 0:00:35]} Nxf4 {[%emt 0:00:00]} 17. gxf4 {[%emt 0:00:04]} f5 {[%emt 0:03:05]} 18. Kh1 {[%emt 0:04:35]} Rf6 {[%emt 0:00:16]} 19. Rg1 {[%emt 0:00:42]} Rh6 {[%emt 0:04:18]} 20. Rg2 {[%emt 0:01:01]} Bf8 {[%emt 0:02:52]} 21. e3 {[%emt 0:04:25]} Nxe5 {[%emt 0:03:58]} 22. fxe5 {[%emt 0:01:01]} Qh4 {[%emt 0:00:34]} 23. Nd2 {[%emt 0:04:30]} Kh8 {[%emt 0:13:16]} 24. Be2 {[%emt 0:04:09]} Ra8 {[%emt 0:04:08]} 25. Nf3 Qe7 {[%emt 0:04:09]} 26. Ng5 {[%emt 0:07:06]} Rg6 {[%emt 0:06:26]} 27. Rag1 {[%emt 0:00:45]} h6 {[%emt 0:00:14]} 28. Nf7+ {[%emt 0:00:23]} Qxf7 {[%emt 0:01:05]} 29. Rxg6 {[%emt 0:00:09]} Be7 {[%emt 0:03:49]} 30. Bh5 {[%emt 0:02:08]} Rg8 {[%emt 0:00:25]} 31. Rxh6+ {[%emt 0:00:31]} gxh6 {[%emt 0:00:53]} 32. Bxf7 {[%emt 0:00:11]} Rxg1+ {[%emt 0:00:10]} 33. Kxg1 {[%emt 0:00:12]} Bc8 {[%emt 0:00:23]} 34. a4 {[%emt 0:00:22]} 1-0

[Event "7. Arber-Senioren-Cup 2019"]
[Site "Bodenmais"]
[Date "2019.07.28"]
[Round "2.1"]
[White "Neubauer, Jaroslaus"]
[Black "Pirrot, Dieter"]
[Result "1/2-1/2"]
[WhiteElo "2014"]
[BlackElo "2315"]
[Annotator "TA"]
[PlyCount "85"]
[EventDate "2019.07.27"]
[EventType "swiss"]
[EventCountry "GER"]
[SourceTitle "playchess.com"]
[Source "ChessBase"]
[SourceQuality "1"]

{[%evp 21,85,0,0,-3,0,-21,-2,-22,-17,-17,-18,-18,-16,-27,-6,-12,-11,-44,-41,-37,-26,-31,-23,-27,-17,-26,-7,-7,-7,-7,-7,-35,0,-12,-9,-44,0,-17,0,0,0,0,0,0,0,0,0,0,0,0,0,0,0,0,0,0,0,0,0,0,0,0,0,0,0,0]} 1. e4 e5 2. Nf3 Nc6 3. Bc4 Nf6 4. d4 exd4 5. O-O Nxe4 6. Re1 d5 7. Bxd5 Qxd5 8. Nc3 Qd7 9. Nxe4 Be7 10. Bg5 O-O 11. Bxe7 Qxe7 12. Nxd4 {C56: Two Knights: 4 d4 exd4 5 0-0 Nxe4} Bd7 13. Ng3 (13. Nc3 Qd8 14. Nb3 Bf5 15. Qe2 Qg5 16. Qb5 Rab8 17. Nd5 h6 18. f4 Qh4 19. Nd2 Rfe8 {½-½ (40) Hector,J (2499)-Grandelius,N (2668) Ronneby 2018}) 13... Qf6 14. Nxc6 Bxc6 15. c3 $146 ({Predecessor:} 15. Rb1 Rad8 16. Qg4 Rd2 17. Qf5 Qxf5 18. Nxf5 Rxc2 19. Ne7+ Kh8 20. Nxc6 Rxc6 {0-1 (38) Tejedor Fuente,M-Marchena Hurtado,J (1781) Granada 2009}) 15... Rad8 16. Qc2 g6 17. Rad1 h5 18. Rxd8 Rxd8 19. h3 Qg5 20. Ne4 Qf4 21. f3 Re8 22. Qf2 Qe5 23. Qd4 Qxd4+ 24. cxd4 $11 {[%mdl 4096] [#] Endgame d5! is the strong threat. KRB-KRN} Kg7 {And now ...f5 would win.} 25. Kf2 h4 26. Nc3 Rd8 27. Rd1 Bd5 28. a3 a5 29. Ke3 {The position is equal.} f5 30. Nxd5 Rxd5 {KR-KR} 31. Rc1 c6 32. Rc5 Rxc5 33. dxc5 {KP-KP} g5 34. f4 g4 $1 35. Kd4 {[#] aiming for Ke5.} Kf6 36. b4 axb4 37. axb4 Ke6 38. Kc4 Kf6 39. b5 Ke6 {Threatens to win with ...cxb5+.} 40. bxc6 bxc6 41. Kd4 Kf6 42. Kc4 Ke6 43. Kd4 {Accuracy: White = 63%, Black = 60%.} 1/2-1/2